The preparation of illustrations for reports of the United States Geological survey, (Record no. 26046)

MARC details
000 -LEADER
fixed length control field 00672cam a22002051 4500
001 - CONTROL NUMBER
control field gs 20000419
003 - CONTROL NUMBER IDENTIFIER
control field DLC
005 - DATE AND TIME OF LATEST TRANSACTION
control field 20260227111325.0
008 - FIXED-LENGTH DATA ELEMENTS--GENERAL INFORMATION
fixed length control field 730124s1920 xx 000 0 eng
010 ## - LIBRARY OF CONGRESS CONTROL NUMBER
LC control number gs 20000419
035 ## - SYSTEM CONTROL NUMBER
System control number (OCoLC)545232
040 ## - CATALOGING SOURCE
Original cataloging agency DLC
Transcribing agency ODaWU
Modifying agency OCoLC
-- DLC
050 00 - LIBRARY OF CONGRESS CALL NUMBER
Classification number QE75
Item number .I5
100 1# - MAIN ENTRY--PERSONAL NAME
Personal name Ridgway, John L.
Fuller form of name (John Livesy),
Dates associated with a name 1859-
245 14 - TITLE STATEMENT
Title The preparation of illustrations for reports of the United States Geological survey,
Remainder of title with brief descriptions of processes of reproduction.
260 ## - PUBLICATION, DISTRIBUTION, ETC.
Place of publication, distribution, etc. Washington,
Name of publisher, distributor, etc. Govt. print. off.,
Date of publication, distribution, etc. 1920.
300 ## - PHYSICAL DESCRIPTION
Extent 101 p.
650 #0 - SUBJECT ADDED ENTRY--TOPICAL TERM
Topical term or geographic name entry element Illustration of books.
710 2# - ADDED ENTRY--CORPORATE NAME
Corporate name or jurisdiction name as entry element Geological Survey (U.S.)

No items available.

Powered by Koha